000 00546cam a22002171 4500
001 sa 66007130
003 DLC
005 20260227112301.0
008 890912s1964 ii 000 0 urdr
010 _asa 66007130
035 _a(OCoLC)20331392
040 _aDLC
_cWaU
_dDLC
042 _apremarc
050 0 0 _aDS486.G6
_bS2
130 0 _aSabras.
245 1 0 _aYād-i māʻānī.
260 _aHyderabad,
_c[1964?]
300 _a55 p.
_c25 cm.
500 _aIn Urdu.
600 0 0 _aMuhammad Quli Qutb Shah,
_cSultan of Golkunda,
_d1565-1612.
999 _c70950
_d70950